Où sont les femmes ? - Mort subite - Statistiques

Statistiques générales
  • Ce quiz a été pris 142 724 fois
  • Le résultat moyen est 7 sur 20
Answers on the Grid
Answers color-coded by a green-red scale on the quiz's grid according to % correct below.
George Sand
Camille Claudel
Dominique Lavanant
Cameron Diaz
Kim Kardashian
Sharon Tate
Joyce Jonathan
Taylor Swift
Lindsey Stirling
Frédérique Bel
Sappho
Meghan Markle
Henriette Poincaré
Romy Schneider
Yoko Ono
Chris Evert
Sydney Sweeney
Yaël Braun-Pivet
Coco Chanel
Camille Cerf
Fernandel
Sidney Lumet
Patrick Juvet
Loup-Denis Elion
Adama Traoré
Dominique Farrugia
Sacha Distel
Frédéric Molas
Valéry Giscard d'Estaing
Inès Benazzouz
Nikita Khrouchtchev
Kim Il-sung
Tony Parker
Morgan Freeman
Sacha Guitry
Axel Bauer
 
Statistiques - réponses
Réponse % Correct
Taylor Swift
59%
Kim Kardashian
57%
Camille Cerf
47%
Coco Chanel
47%
Meghan Markle
47%
Joyce Jonathan
44%
Cameron Diaz
43%
George Sand
41%
Sydney Sweeney
40%
Romy Schneider
37%
Yoko Ono
32%
Henriette Poincaré
31%
Sharon Tate
29%
Yaël Braun-Pivet
27%
Lindsey Stirling
26%
Frédérique Bel
25%
Camille Claudel
24%
Dominique Lavanant
16%
Sappho
12%
Chris Evert
8%
Aucun quiz correspondant
Distribution des résultats
% des personnes avec chaque résultat
Percentile par nombre de réponses
Votre historique - résultats
Vous n’avez pas pris ce quiz